Garaudy y el marxismo del siglo XX / (Record no. 14803)

MARC details
000 -LEADER
campo de control de longitud fija 00660nam a2200229 i 4500
001 - NÚMERO DE CONTROL
campo de control 14803
003 - IDENTIFICADOR DE NÚMERO DE CONTROL
campo de control ES-MaACL
005 - FECHA Y HORA DE LA ÚLTIMA TRANSACCIÓN
campo de control 20230906150908.0
007 - CAMPO FIJO DE DESCRIPCIÓN FÍSICA--INFORMACIÓN GENERAL
campo de control de longitud fija t|
008 - DATOS DE LONGITUD FIJA--INFORMACIÓN GENERAL
campo de control de longitud fija 990610s1975 sp ||||1| spa d
020 ## - NÚMERO INTERNACIONAL ESTÁNDAR DEL LIBRO
Número Internacional Estándar del Libro 84-7166-447-X
080 ## - NÚMERO DE LA CLASIFICACIÓN DECIMAL UNIVERSAL
Número de la Clasificación Decimal Universal 1 Garaudy, Roger
100 1# - ENTRADA PRINCIPAL--NOMBRE DE PERSONA
Nombre de persona Perottino, Serge.
9 (RLIN) 91324
245 10 - MENCIÓN DEL TÍTULO
Título Garaudy y el marxismo del siglo XX /
Mención de responsabilidad, etc. Serge Perottino.
260 ## - PUBLICACIÓN, DISTRIBUCIÓN, ETC.
Lugar de publicación, distribución, etc. Madrid :
Nombre del editor, distribuidor, etc. Edaf,
Fecha de publicación, distribución, etc. [1975]
300 ## - DESCRIPCIÓN FÍSICA
Extensión 267 p. ;
Dimensiones 18 cm.
490 1# - MENCIÓN DE SERIE
Mención de serie Filósofos de todos los tiempos
600 14 - PUNTO DE ACCESO ADICIONAL DE MATERIA--NOMBRE DE PERSONA
Nombre de persona Garaudy, Roger.
9 (RLIN) 53935
830 0# - PUNTO DE ACCESO ADICIONAL DE SERIE-TÍTULO UNIFORME
Título uniforme Filósofos de todos los tiempos
9 (RLIN) 181056
852 ## - LOCALIZACIÓN
Ubicación ES-MaACL
Número de control de estantería L-21998
Sublocalización o colección R.116623
Holdings
Estatus retirado Estado de pérdida Estado de daño No para préstamo Biblioteca de origen Biblioteca actual Ubicación en estantería Fecha de adquisición Fuente de adquisición Total de préstamos Signatura topográfica completa Código de barras Visto por última vez Precio de reemplazo Tipo de ítem Koha
        Biblioteca del Ateneo de Madrid Biblioteca del Ateneo de Madrid Depósito 2 17/01/2008     L-21998 1015054 23/02/2023 23/02/2023 Libro impreso